000 00310nam a22001337a 4500
008 171107b xxu||||| |||| 00| 0 eng d
020 _a9780470506974
041 _aeng
080 _27TH
_a721.053
100 _a62
101 _aAUD
245 _aACCOUNTING & AUDITING RESEARH
_cWEIRICH,TH.R
942 _2udc
_cBK
999 _c38163
_d38163